[Event "ICS rated standard match"]
[Site "204.178.125.65"]
[Date "2000.04.10"]
[Round "?"]
[White "Hossa"]
[Black "chess-bomber"]
[Result "1-0"]
[WhiteElo "2349"]
[BlackElo "1991"]
[PlyCount "81"]

1. e4 g6 2. d4 Bg7 3. Nc3 d6 4. Nf3 c6 5. Be2 Nd7 6. O-O h6 7. Be3 Qc7 8. Qd2
Ngf6 9. d5 c5 10. Bb5 Ng4 11. Bf4 a6 12. Be2 b5 13. a3 Kf8 14. h3 Nge5 15. Nxe5
Nxe5 16. Bg3 c4 17. Rfe1 Kg8 18. Bh4 Kh7 19. a4 b4 20. Nd1 a5 21. f4 Nd7 22. c3
b3 23. Ne3 Ba6 24. f5 Ne5 25. Ng4 Raf8 26. f6 exf6 27. Nxf6+ Bxf6 28. Bxf6 Rhg8
29. Rf1 Re8 30. Qf4 Rgf8 31. Rae1 Nd7 32. Bg4 Nxf6 33. Qxf6 Qe7 34. e5 Qa7+ 35.
Kh1 dxe5 36. Bf3 Bc8 37. Rxe5 Rxe5 38. Qxe5 Bd7 39. Qe7 Kg7 40. Bg4 Re8 41.
Rxf7+ 1-0

[Event "ICS rated standard match"]
[Site "204.178.125.65"]
[Date "2000.04.10"]
[Round "?"]
[White "chess-bomber"]
[Black "Hossa"]
[Result "0-1"]
[WhiteElo "1987"]
[BlackElo "2353"]
[PlyCount "86"]

1. g3 d5 2. Bg2 c6 3. d3 Nf6 4. Nd2 e5 5. c3 Nbd7 6. Qc2 Bd6 7. Ngf3 O-O 8. O-O
Re8 9. e4 b6 10. Re1 dxe4 11. dxe4 Ba6 12. b3 Nc5 13. c4 Bc8 14. h3 Bb7 15. Bb2
a5 16. a3 Qe7 17. Nh4 Qd7 18. Nf5 Bf8 19. Bf1 a4 20. b4 Ncxe4 21. Nh6+ gxh6 22.
Nxe4 Nxe4 23. Rxe4 c5 24. Rg4+ Bg7 25. bxc5 Qc6 26. f3 Qxf3 27. Bg2 Qxg2+ 28.
Qxg2 Bxg2 29. Kxg2 bxc5 30. Re1 f5 31. Rh4 Rab8 32. Re2 e4 33. Bxg7 Kxg7 34.
Rf4 Kg6 35. g4 fxg4 36. hxg4 Kg5 37. Rfxe4 Rxe4 38. Rxe4 Rb3 39. Re5+ Kxg4 40.
Rxc5 Rxa3 41. Rc7 Rc3 42. Rxh7 Rc2+ 43. Kf1 a3 0-1

[Event "ICS rated blitz match"]
[Site "204.178.125.65"]
[Date "2000.04.10"]
[Round "?"]
[White "Kamberi"]
[Black "Hossa"]
[Result "0-1"]
[WhiteElo "2041"]
[BlackElo "2479"]
[PlyCount "124"]

1. Nf3 d5 2. c4 e6 3. g3 Nf6 4. Bg2 dxc4 5. Qa4+ Nbd7 6. Qxc4 c5 7. O-O b6 8.
Ng5 Rb8 9. Nc3 Bb7 10. Bxb7 Rxb7 11. d4 cxd4 12. Qxd4 Bc5 13. Qh4 O-O 14. Rd1
Qb8 15. Nge4 Nxe4 16. Nxe4 Qe5 17. Nxc5 Nxc5 18. Qg4 Qe4 19. Qxe4 Nxe4 20. Bf4
Nf6 21. Rac1 b5 22. f3 Nd5 23. Bd2 Nb6 24. b3 Rd8 25. Ba5 Rxd1+ 26. Rxd1 Nd7
27. Kf2 h5 28. e4 Ne5 29. Bc3 Nc6 30. Rd6 Rc7 31. Rd3 a5 32. Ke3 f6 33. Rd6 Kf7
34. Rd2 g5 35. Rd3 h4 36. gxh4 gxh4 37. h3 a4 38. f4 e5 39. fxe5 b4 40. Ba1
axb3 41. Rxb3 fxe5 42. a3 Ra7 43. Bb2 Nd4 44. Bxd4 exd4+ 45. Kxd4 bxa3 46. Rb1
a2 47. Ra1 Ke6 48. Kc3 Ra3+ 49. Kb2 Rxh3 50. Kxa2 Re3 51. Kb2 Rxe4 52. Kc2 Kf5
53. Kd2 h3 54. Kd3 Rh4 55. Ke3 h2 56. Rh1 Kg4 57. Kf2 Kh3 58. Kf3 Rd4 59. Kf2
Rf4+ 60. Ke2 Kg2 61. Rxh2+ Kxh2 62. Ke3 Kg3 0-1

[Event "ICS rated blitz match"]
[Site "204.178.125.65"]
[Date "2000.04.10"]
[Round "?"]
[White "Hossa"]
[Black "Kamberi"]
[Result "1-0"]
[WhiteElo "2481"]
[BlackElo "2039"]
[PlyCount "33"]

1. e4 e5 2. Nf3 Nc6 3. Nc3 Nf6 4. Nxe5 Nxe5 5. d4 Ng6 6. e5 Ng8 7. Bc4 Bb4 8.
Qf3 Qe7 9. O-O Bxc3 10. bxc3 Nh6 11. Bxh6 gxh6 12. Qe3 Qh4 13. f4 O-O 14. f5
Ne7 15. Rf4 Qg5 16. Qf3 Kh8 17. h4 1-0

[Event "ICS rated blitz match"]
[Site "204.178.125.65"]
[Date "2000.04.10"]
[Round "?"]
[White "Kamberi"]
[Black "Hossa"]
[Result "0-1"]
[WhiteElo "2037"]
[BlackElo "2483"]
[PlyCount "30"]

1. Nf3 d5 2. c4 c6 3. e3 Nf6 4. Nc3 Nbd7 5. d4 e6 6. Bd3 dxc4 7. Bxc4 Bb4 8.
O-O O-O 9. Bd3 c5 10. e4 cxd4 11. Nxd4 Nc5 12. Bc2 Bxc3 13. bxc3 Ncxe4 14. Ba3
Nxc3 15. Qd3 Qxd4 0-1

[Event "ICS rated blitz match"]
[Site "204.178.125.65"]
[Date "2000.04.10"]
[Round "?"]
[White "Hossa"]
[Black "Kamberi"]
[Result "1/2-1/2"]
[WhiteElo "2485"]
[BlackElo "2035"]
[PlyCount "102"]

1. e4 e5 2. Nf3 Nc6 3. Nc3 Nf6 4. Nxe5 Nxe5 5. d4 Nc6 6. d5 Bb4 7. Bg5 h6 8.
Bf4 Nxe4 9. Qd3 O-O 10. dxc6 bxc6 11. Qxe4 Re8 12. Be5 Bxc3+ 13. bxc3 d6 14.
Rd1 Qe7 15. f4 dxe5 16. Be2 exf4 17. Qxe7 Rxe7 18. Kf1 Rxe2 19. Kxe2 Bg4+ 20.
Kf2 Bxd1 21. Rxd1 Kf8 22. Rd7 Rc8 23. Rd4 g5 24. Rc4 Ke7 25. Rxc6 h5 26. Rc5 f6
27. h4 Kd6 28. Rf5 Ke6 29. Ra5 gxh4 30. Rxa7 Kf5 31. Kf3 Re8 32. Rxc7 Re3+ 33.
Kf2 h3 34. gxh3 Rxh3 35. a4 Rh2+ 36. Kf3 Rxc2 37. Rc5+ Kg6 38. Kxf4 h4 39. Kg4
Ra2 40. a5 Ra4+ 41. c4 Kf7 42. Kxh4 Ke6 43. Kh5 Kd6 44. Rf5 Rxc4 45. a6 Ra4 46.
Kg6 Kc6 47. Rxf6+ Kc7 48. Kf7 Kb8 49. Ke8 Ka7 50. Kd8 Rxa6 51. Rxa6+ Kxa6
1/2-1/2

[Event "ICS rated standard match"]
[Site "204.178.125.65"]
[Date "2000.04.10"]
[Round "?"]
[White "Hossa"]
[Black "chess-bomber"]
[Result "1-0"]
[WhiteElo "2356"]
[BlackElo "1965"]
[PlyCount "115"]

1. e4 g6 2. d4 Bg7 3. Nc3 d6 4. Nf3 c6 5. Be2 Nd7 6. O-O Qc7 7. Bd3 h6 8. Re1
e5 9. Be3 Ngf6 10. dxe5 dxe5 11. Qd2 Ng4 12. Bc4 O-O 13. Rad1 Nxe3 14. Rxe3 b5
15. Be2 a6 16. a3 Re8 17. Rd3 Nc5 18. Rd8 Be6 19. Rxa8 Rxa8 20. Qe3 Bf8 21. Ne1
Kg7 22. Nd3 Nxd3 23. Qxd3 Be7 24. Qg3 f6 25. h4 Rd8 26. Bh5 g5 27. Be2 Rxd1+
28. Bxd1 Qd7 29. hxg5 hxg5 30. Qf3 Bc5 31. b4 Bd4 32. Be2 c5 33. Nd5 Bxd5 34.
exd5 cxb4 35. axb4 Qd6 36. c3 Bb6 37. Bd3 e4 38. Bxe4 Bc7 39. g3 Qe5 40. Kg2
Bd6 41. Kf1 Kf8 42. Bf5 Ke7 43. Bc8 Kd8 44. Bxa6 f5 45. Qd3 Qe4 46. Qxb5 f4 47.
Qb6+ Ke7 48. Qb7+ Kf6 49. Qc6 Ke7 50. Bc8 Qh1+ 51. Ke2 f3+ 52. Kd2 Qh6 53. Bg4
Qf6 54. Qc8 Be5 55. Bh5 g4 56. Bxg4 Bxc3+ 57. Qxc3 Qg5+ 58. Qe3+ 1-0

[Event "ICS rated standard match"]
[Site "204.178.125.65"]
[Date "2000.04.10"]
[Round "?"]
[White "Caterpie"]
[Black "Hossa"]
[Result "1/2-1/2"]
[WhiteElo "1994"]
[BlackElo "2359"]
[PlyCount "80"]

1. d4 Nf6 2. c4 e6 3. Nf3 b6 4. Nc3 Bb7 5. Bf4 Bb4 6. a3 Bxc3+ 7. bxc3 d6 8. e3
Nbd7 9. Be2 Ne4 10. Qc2 e5 11. dxe5 g5 12. Bg3 dxe5 13. Bxe5 Nxe5 14. Nxe5 Qf6
15. Ng4 Qxc3+ 16. Qxc3 Nxc3 17. f3 h5 18. Ne5 Rh6 19. e4 Re6 20. Nd3 O-O-O 21.
Rc1 Nxe2 22. Kxe2 Rd4 23. Rhd1 Ba6 24. c5 Rxd3 25. Rxd3 Rc6 26. Ke3 Bxd3 27.
Kxd3 bxc5 28. Kc4 Ra6 29. Rc3 Ra5 30. g3 c6 31. Re3 g4 32. f4 Kd7 33. e5 Kc7
34. f5 Kd7 35. Rd3+ Ke8 36. Rb3 a6 37. Rb8+ Ke7 38. Rb7+ Ke8 39. Rb8+ Ke7 40.
Rb7+ Ke8 1/2-1/2

[Event "ICS rated blitz match"]
[Site "204.178.125.65"]
[Date "2000.04.10"]
[Round "?"]
[White "PostModernist"]
[Black "Hossa"]
[Result "1-0"]
[WhiteElo "2574"]
[BlackElo "2471"]
[PlyCount "149"]
[EventDate "2000.??.??"]

1. d4 d5 2. Nf3 e6 3. g3 c5 4. Bg2 cxd4 5. Nxd4 Nf6 6. O-O Nc6 7. c4 Be7 8.
cxd5 exd5 9. Be3 O-O 10. Nc3 Be6 11. Rc1 Qd7 12. Nxe6 fxe6 13. f4 Rad8 14. Bd4
Bb4 15. a3 Bxc3 16. Rxc3 Ne4 17. Rc2 Qf7 18. Qd3 Qf5 19. Bc5 Rf7 20. Rd1 Rc8
21. b4 b6 22. Be3 Rfc7 23. b5 Na5 24. Bxe4 Qxe4 25. Qxe4 dxe4 26. Rd8+ Rxd8 27.
Rxc7 Rd5 28. a4 e5 29. fxe5 Rxe5 30. Rxa7 Nc4 31. Bd4 Rd5 32. e3 Nd2 33. Rxg7+
Kf8 34. Rxh7 Nf3+ 35. Kf2 Nxd4 36. exd4 Rxd4 37. Rb7 Rxa4 38. h4 Ra3 39. Rxb6
Rf3+ 40. Kg2 Kf7 41. h5 Ke7 42. h6 Rf8 43. h7 e3 44. Rh6 e2 45. Rh1 Kd6 46. Re1
Rh8 47. Rxe2 Rxh7 48. Rf2 Kc7 49. Rf6 Kb7 50. g4 Rc7 51. b6 Rh7 52. g5 Rh4 53.
g6 Rg4+ 54. Kf3 Rc4 55. g7 Rc3+ 56. Kg2 Rc2+ 57. Rf2 Rc8 58. Rf8 Rc2+ 59. Kf3
Rc3+ 60. Kf4 Rc4+ 61. Kf5 Rc5+ 62. Kf6 Rc6+ 63. Kf7 Rc4 64. g8=Q Rf4+ 65. Ke8
Re4+ 66. Kd7 Rd4+ 67. Ke6 Rd2 68. Qg7+ Ka6 69. Ra8+ Kb5 70. Qe5+ Kc4 71. Rc8+
Kb4 72. Qc3+ Kb5 73. Rc5+ Ka6 74. Qa5+ Kb7 75. Qa7# 1-0

[Event "ICS rated blitz match"]
[Site "204.178.125.65"]
[Date "2000.04.10"]
[Round "?"]
[White "Hossa"]
[Black "PostModernist"]
[Result "0-1"]
[WhiteElo "2460"]
[BlackElo "2585"]
[PlyCount "302"]

1. e4 e5 2. Nf3 Nc6 3. Nc3 Nf6 4. Nxe5 Bb4 5. Nxc6 dxc6 6. Be2 Bxc3 7. bxc3
Nxe4 8. Bf3 Ng5 9. Ba3 Be6 10. Rb1 Nxf3+ 11. Qxf3 Qd7 12. c4 Bxc4 13. Qe4+ Qe6
14. Qxe6+ fxe6 15. Rxb7 Kd7 16. Rb2 Rhb8 17. Kd1 Rxb2 18. Bxb2 Rb8 19. Kc1 Bxa2
20. Re1 g6 21. Re3 Bd5 22. Ra3 Ra8 23. Rh3 h5 24. g4 hxg4 25. Rh7+ Kd6 26. Rh8
Rxh8 27. Bxh8 c5 28. Bc3 c4 29. Kb1 e5 30. Kc1 c5 31. Kb2 e4 32. Ka3 Kc6 33.
Ka4 Kb6 34. Ba5+ Ka6 35. Bd8 Bc6+ 36. Ka3 Kb5 37. Kb2 Kb4 38. Bf6 a5 39. Bc3+
Kb5 40. Bf6 Bd5 41. Bh8 a4 42. Bg7 Be6 43. Bf6 Bf5 44. Bc3 Bd7 45. Be5 Kc6 46.
Bc3 Kd5 47. Bf6 Bc6 48. Bg7 Be8 49. Bc3 Ke6 50. Kc1 Bd7 51. Bb2 Bc6 52. Kd1 Kd6
53. Bc1 Bb5 54. Bb2 Kd5 55. Kc1 Ba6 56. Kd1 Kd6 57. Kc1 Bb7 58. Kd1 Kd5 59. Kc1
Ke6 60. Kd1 g5 61. Kc1 Ke7 62. Kb1 Bd5 63. Kc1 Bf7 64. Kd1 Bh5 65. Ke1 Kd6 66.
Bc1 Kd5 67. Kf1 Bg6 68. Kg2 Bf5 69. Kg1 Ke6 70. Bb2 Bg6 71. Kg2 Bh7 72. Kg3 Bf5
73. Kg2 Kd6 74. Kg1 Kc6 75. Kg2 Be6 76. Bc1 Kd5 77. Bb2 Kd6 78. Bc1 Bf5 79. Bb2
Kd5 80. Kh1 Bg6 81. Kg1 Kd6 82. Kg2 Bf7 83. Kg1 Bd5 84. Bc1 Bc6 85. Kf1 Bb5 86.
Kg2 Bd7 87. Kg1 Kd5 88. Bb2 Be8 89. Ba3 Kd6 90. Bb2 Ke6 91. Bc1 Bg6 92. Bb2 Bf7
93. Ba3 Kd5 94. Kg2 Kd6 95. Bb2 Ke7 96. Ba3 Be6 97. Bxc5+ Kf6 98. Bb4 Bf5 99.
Bc5 Bd7 100. Kh1 Bc6 101. Kg1 Be8 102. Kg2 Kf5 103. Be7 Ke6 104. Bc5 Bf7 105.
Kg1 Ke5 106. Be7 Kf4 107. Kf1 Bh5 108. Kg2 Kf5 109. Bf8 Bg6 110. Bd6 Ke6 111.
Bf8 Bf5 112. Bc5 Bh7 113. Kg1 Bg6 114. Kg2 Be8 115. Kg3 Bd7 116. Kg2 Bb5 117.
Kg3 Kf5 118. Kg2 Bc6 119. Kg3 Bb7 120. Bd6 Bd5 121. Ba3 Be6 122. Bc5 Bd5 123.
Ba3 Bf7 124. Kg2 Be6 125. Be7 Bc8 126. Kf1 Ke6 127. Bc5 Ke5 128. Be7 Kf5 129.
Bf8 Be6 130. Kg1 Bd5 131. Bc5 Bc6 132. Bd6 Ke6 133. Bf8 Ke5 134. Be7 Kf4 135.
Bf8 Bb7 136. Bd6+ Kf5 137. Be7 Ba8 138. Bd6 Bc6 139. Kf1 Ke6 140. Bc5 Kd5 141.
Be7 Ke6 142. Bc5 Bb5 143. Be3 a3 144. Bxg5 a2 145. Be3 a1=Q+ 146. Kg2 c3 147.
dxc3 Qf1+ 148. Kg3 Kf5 149. f4 Qh3+ 150. Kf2 Qxh2+ 151. Ke1 Qe2# 0-1

[Event "ICS rated standard match"]
[Site "204.178.125.65"]
[Date "2000.04.10"]
[Round "?"]
[White "Hossa"]
[Black "PostModernist"]
[Result "0-1"]
[WhiteElo "2346"]
[BlackElo "2341"]
[PlyCount "140"]
[EventDate "2000.??.??"]

1. e4 e5 2. Nf3 Nc6 3. Nc3 Nf6 4. Nxe5 Bb4 5. Nxc6 dxc6 6. d3 Qd4 7. Be2 Bxc3+
8. bxc3 Qxc3+ 9. Bd2 Qb2 10. O-O Qe5 11. Be3 O-O 12. Rb1 b6 13. Bf3 Be6 14. c4
Bd7 15. d4 Qe6 16. e5 Ng4 17. Bf4 Nh6 18. d5 Qg6 19. Qd2 Nf5 20. Be4 cxd5 21.
cxd5 Rac8 22. Rb3 c6 23. Rg3 Nxg3 24. Bxg6 Nxf1 25. Bxf7+ Rxf7 26. Kxf1 cxd5
27. Qxd5 Rc5 28. Qe4 Be6 29. Bg3 Rc1+ 30. Ke2 Rc4 31. Qa8+ Rc8 32. Qe4 Bxa2 33.
f4 Be6 34. Bf2 Rd7 35. Be3 Rc4 36. Qb1 Ra4 37. Kf2 Ra2+ 38. Kg1 Re2 39. Qc1 Rd3
40. f5 Bxf5 41. Bf4 Rd4 42. Be3 Rb4 43. Kf1 Rc2 44. Qd1 Rbb2 45. Qd5+ Kf8 46.
Qd8+ Kf7 47. Qd5+ Be6 48. Qf3+ Ke7 49. Bg5+ Ke8 50. Qa8+ Kf7 51. Qf3+ Kg6 52.
Qd3+ Kxg5 53. h4+ Kg4 54. Qe4+ Kg3 55. Qe3+ Kxh4 56. Qe4+ Kg5 57. Qe3+ Kh5 58.
Qf3+ Bg4 59. Qf7+ Kh4 60. Qe7+ Kg3 61. Qa3+ Kh2 62. Qxb2 Rxb2 63. Ke1 Kxg2 64.
e6 Bxe6 65. Kd1 Bb3+ 66. Kc1 Rc2+ 67. Kb1 a5 68. Ka1 a4 69. Kb1 a3 70. Ka1 Rc1#
0-1

[Event "ICS rated blitz match"]
[Site "204.178.125.65"]
[Date "2000.04.10"]
[Round "?"]
[White "Hossa"]
[Black "Kirlian"]
[Result "0-1"]
[WhiteElo "2450"]
[BlackElo "2396"]
[PlyCount "152"]

1. e4 g6 2. d4 Bg7 3. Nc3 d6 4. Nf3 Bg4 5. Be2 a6 6. O-O b5 7. h3 Bxf3 8. Bxf3
c6 9. a4 Nd7 10. e5 d5 11. axb5 axb5 12. Rxa8 Qxa8 13. Bg4 e6 14. Bg5 h5 15.
Qa1 Qc8 16. Be2 Bh6 17. Bh4 Bf4 18. Bd3 g5 19. Ne2 Bxe5 20. Bxg5 Bd6 21. Re1
Ne7 22. Qa7 Rg8 23. Bh4 Ng6 24. Bxg6 Rxg6 25. Bg3 Bxg3 26. Nxg3 h4 27. Nf5 Kf8
28. Nxh4 Rg7 29. b4 Kg8 30. c3 Nf6 31. Ra1 Kh7 32. Qa3 Ne4 33. Qc1 Qd8 34. Nf3
Qf6 35. Qe3 Qg6 36. g4 f5 37. Ne5 Qf6 38. f4 Qh4 39. g5 Nxg5 40. fxg5 Rxg5+ 41.
Kh2 f4 42. Qd3+ Rf5 43. Qf3 Rg5 44. Nxc6 Rg3 45. Ra7+ Kh6 46. Qf1 Re3 47. c4
Qg3+ 48. Kh1 Re1 49. Qxe1 Qxe1+ 50. Kg2 Qg3+ 51. Kf1 dxc4 52. Ra6 c3 53. Ne5
Qxh3+ 54. Ke1 Qe3+ 55. Kf1 Qh3+ 56. Ke1 Qe3+ 57. Kf1 Qxd4 58. Rxe6+ Kh5 59. Re8
Qd1+ 60. Kf2 c2 61. Rh8+ Kg5 62. Nf3+ Kf6 63. Rh6+ Kg7 64. Rc6 c1=Q 65. Rxc1
Qxc1 66. Kg2 Qb2+ 67. Kh3 Qxb4 68. Kg4 Kf6 69. Kh3 Qc3 70. Kg2 b4 71. Nh4 b3
72. Nf5 Kxf5 73. Kf2 b2 74. Kg2 Ke4 75. Kf2 Qd2+ 76. Kg1 b1=Q# 0-1

[Event "ICS rated standard match"]
[Site "204.178.125.65"]
[Date "2000.04.10"]
[Round "?"]
[White "chuda"]
[Black "Hossa"]
[Result "1/2-1/2"]
[WhiteElo "1961"]
[BlackElo "2330"]
[PlyCount "198"]
[EventDate "2000.??.??"]

1. e4 e5 2. Nf3 Nc6 3. Bb5 a6 4. Ba4 Nf6 5. O-O Be7 6. Re1 b5 7. Bb3 d6 8. c3
O-O 9. h3 Bb7 10. d4 Re8 11. Ng5 Rf8 12. Nf3 Re8 13. Ng5 Rf8 14. Nf3 a5 15. a4
b4 16. d5 Nb8 17. Bc2 Ba6 18. b3 bxc3 19. Nxc3 Re8 20. Be3 c6 21. Rc1 cxd5 22.
Nxd5 Nxd5 23. Qxd5 Nd7 24. Bd2 Nc5 25. b4 Bb7 26. Qa2 axb4 27. Bxb4 Bf6 28.
Bxc5 dxc5 29. Bb3 Qc7 30. Rc2 Ra5 31. Nd2 Rd8 32. Bd5 Bc6 33. Bxc6 Qxc6 34. Rc4
Qe6 35. Nf1 Rd4 36. Rec1 Be7 37. Qc2 Qa6 38. Ne3 Rxa4 39. Rxd4 exd4 40. Nd5 Bd6
41. e5 Bxe5 42. Qxc5 Ra1 43. g3 Bd6 44. Qc2 Bf8 45. Rxa1 Qxa1+ 46. Kh2 Qf1 47.
Nf4 g6 48. Qd2 Qc4 49. Qd3 Qxd3 50. Nxd3 Bd6 51. Kg2 f5 52. Kf3 Kf7 53. Ke2 Ke6
54. f4 Kd5 55. h4 h6 56. Kd2 Ke4 57. Ke2 h5 58. Nf2+ Kd5 59. Kd3 Bc7 60. Nd1
Ba5 61. Nf2 Kc5 62. Nh1 Bc7 63. Nf2 Bb8 64. Nh1 Bd6 65. Nf2 Bc7 66. Nd1 Ba5 67.
Nf2 Kd5 68. Nh1 Be1 69. Ke2 Bb4 70. Kd3 Bc3 71. Nf2 Be1 72. Nh1 Bb4 73. Nf2 Bd6
74. Nh1 Bc7 75. Nf2 Bd8 76. Nd1 Bf6 77. Nf2 Bg7 78. Nd1 Bf8 79. Nf2 Be7 80. Nd1
Ba3 81. Nf2 Bc5 82. Nd1 Kc6 83. Nf2 Bb4 84. Nh1 Kc5 85. Nf2 Kb5 86. Nh1 Bc3 87.
Nf2 Ba5 88. Kxd4 Bb6+ 89. Ke5 Bxf2 90. Kf6 Bxg3 91. Kxg6 Bxf4 92. Kxf5 Bh6 93.
Kg6 Kc5 94. Kxh5 Bf4 95. Kg6 Kd5 96. h5 Ke5 97. h6 Ke6 98. h7 Be5 99. h8=Q Bxh8
1/2-1/2

[Event "ICS rated standard match"]
[Site "204.178.125.65"]
[Date "2000.04.10"]
[Round "?"]
[White "Hossa"]
[Black "chuda"]
[Result "1/2-1/2"]
[WhiteElo "2317"]
[BlackElo "1974"]
[PlyCount "84"]
[EventDate "2000.??.??"]

1. e4 d5 2. exd5 Nf6 3. d4 Bg4 4. f3 Bf5 5. Bb5+ Nbd7 6. c4 e6 7. dxe6 Bxe6 8.
d5 Bf5 9. Nc3 a6 10. Ba4 Qe7+ 11. Nge2 O-O-O 12. O-O Qc5+ 13. Nd4 Bg6 14. b3 b5
15. Bxb5 axb5 16. Ncxb5 Qb6 17. Kh1 Nb8 18. Bg5 Bc5 19. a4 c6 20. a5 Qa6 21.
Bxf6 gxf6 22. Nc3 Rhe8 23. Ne4 Bxe4 24. fxe4 Rxe4 25. Nf5 Kb7 26. Qb1 cxd5 27.
cxd5 Rb4 28. Qd1 Qb5 29. d6 Rxb3 30. Qd5+ Ka6 31. Qxf7 Nd7 32. Qxh7 Rb2 33. Qe7
Qc6 34. Qg7 Qa8 35. Qg3 Rg8 36. Ng7 Qc6 37. Rfc1 Qe4 38. Re1 Qc6 39. Rec1 Qe4
40. Re1 Qc6 41. Rec1 Qe4 42. Re1 Qc6 1/2-1/2

[Event "ICS rated standard match"]
[Site "204.178.125.65"]
[Date "2000.04.10"]
[Round "?"]
[White "Warp"]
[Black "Hossa"]
[Result "1-0"]
[WhiteElo "2185"]
[BlackElo "2305"]
[PlyCount "139"]

1. e4 e5 2. Nf3 Nc6 3. Bc4 Bc5 4. c3 Nf6 5. d4 exd4 6. cxd4 Bb4+ 7. Nc3 Nxe4 8.
O-O Bxc3 9. d5 Bf6 10. Re1 Ne7 11. Rxe4 d6 12. Bg5 Bxg5 13. Nxg5 h6 14. Nf3 O-O
15. Nd4 Nf5 16. Rc1 Nxd4 17. Qxd4 Bf5 18. Re3 Re8 19. Rg3 g5 20. Bd3 Bxd3 21.
Rxd3 Re2 22. Re3 Rxe3 23. Qxe3 Qd7 24. f4 g4 25. Qd4 c6 26. dxc6 bxc6 27. f5
Qxf5 28. Qxd6 Qg5 29. Qxc6 Rb8 30. b3 Qe3+ 31. Kh1 Qd2 32. Rf1 Qxa2 33. Qxh6
Qxb3 34. Qg5+ Kf8 35. Qxg4 Rb7 36. Qh4 Qb2 37. Re1 Kg7 38. Qg4+ Kh7 39. Qh3+
Kg7 40. Qg3+ Kh7 41. Qf4 Qc2 42. h3 Kg6 43. Re3 f6 44. Qg4+ Kh6 45. Rg3 Qc1+
46. Kh2 Qg5 47. Qc4 Rg7 48. Rxg5 fxg5 49. h4 gxh4 50. Qxh4+ Kg6 51. Qe4+ Kf7
52. g4 Kg8 53. Qe8+ Kh7 54. Kg3 Rg6 55. Qf7+ Rg7 56. Qh5+ Kg8 57. g5 Re7 58.
Qg6+ Kf8 59. Qf6+ Rf7 60. Qh8+ Ke7 61. g6 Rf6 62. Qh7+ Kd6 63. g7 Rf1 64. Qd3+
Kc5 65. Qxf1 a5 66. g8=Q a4 67. Qfc4+ Kb6 68. Qge6+ Ka7 69. Qcc8 a3 70. Qea6#
1-0

[Event "ICS rated standard match"]
[Site "204.178.125.65"]
[Date "2000.04.10"]
[Round "?"]
[White "Hossa"]
[Black "chuda"]
[Result "1-0"]
[WhiteElo "2292"]
[BlackElo "1998"]
[PlyCount "125"]
[EventDate "2000.??.??"]

1. e4 d5 2. exd5 Nf6 3. d4 Bg4 4. Be2 Bxe2 5. Qxe2 Qxd5 6. Nf3 Nc6 7. c4 Qf5 8.
O-O O-O-O 9. d5 Nb4 10. Nc3 e6 11. Ne5 Re8 12. Nxf7 exd5 13. Be3 Rg8 14. Rad1
Qg6 15. Ng5 Nc2 16. Nf3 Nxe3 17. fxe3 Bc5 18. Nd4 Bxd4 19. Rxd4 c5 20. Rxd5
Nxd5 21. cxd5 Rgf8 22. Rxf8 Rxf8 23. g3 Qf6 24. e4 Qf3 25. Qxf3 Rxf3 26. Nb5
Rd3 27. Nd6+ Kb8 28. b3 Rd1+ 29. Kg2 Rd2+ 30. Kh3 b6 31. Nc4 Rxa2 32. Kg4 Rxh2
33. e5 b5 34. Nd6 Re2 35. e6 a6 36. Kf3 Re5 37. Nf7 Re1 38. d6 Rxe6 39. d7 Rd6
40. Nxd6 Kc7 41. Nb7 Kxd7 42. Nxc5+ Kc7 43. Nxa6+ Kb6 44. Nb4 Kc5 45. Nc2 Kd5
46. Kf4 g6 47. Kg5 Ke4 48. Na3 Kf3 49. Kh4 g5+ 50. Kxg5 Kxg3 51. Nxb5 Kf3 52.
b4 Ke4 53. Nc3+ Kd4 54. Kh6 Kc4 55. b5 Kc5 56. Kxh7 Kb6 57. Kg6 Kc5 58. Kf5 Kb6
59. Ke4 Kc5 60. Kd3 Kb6 61. Kc4 Kb7 62. Kc5 Kc7 63. b6+ 1-0

[Event "ICS rated blitz match"]
[Site "204.178.125.65"]
[Date "2000.04.10"]
[Round "?"]
[White "Hossa"]
[Black "Beadle"]
[Result "0-1"]
[WhiteElo "2432"]
[BlackElo "2565"]
[PlyCount "78"]
[EventDate "2000.??.??"]

1. e4 c5 2. Nf3 Nc6 3. d4 cxd4 4. Nxd4 e5 5. Nb5 d6 6. N1c3 a6 7. Na3 Nf6 8.
Bg5 b5 9. Nd5 Be7 10. Bxf6 Bxf6 11. Be2 Be6 12. O-O Bg5 13. c4 Nd4 14. cxb5 Rb8
15. bxa6 Rxb2 16. Bd3 Bxd5 17. exd5 O-O 18. Nc4 Rb5 19. f4 Bxf4 20. Rxf4 exf4
21. Bxh7+ Kxh7 22. Qxd4 Kg8 23. Rd1 Qc7 24. Re1 Rc8 25. Qxf4 Rb4 26. Qxd6 Qxc4
27. Qd7 Qxa6 28. a3 Rbb8 29. Qe7 Qa8 30. Rd1 Rb2 31. h3 Rcc2 32. Qe3 Rxg2+ 33.
Kh1 Qb8 34. d6 Rh2+ 35. Kg1 Qa8 36. Rd5 Qxd5 37. Qe8+ Kh7 38. Qe4+ Qxe4 39. h4
Rh1# 0-1

[Event "ICS rated blitz match"]
[Site "204.178.125.65"]
[Date "2000.04.10"]
[Round "?"]
[White "Hossa"]
[Black "PostModernist"]
[Result "1-0"]
[WhiteElo "2415"]
[BlackElo "2634"]
[PlyCount "125"]

1. e4 e5 2. Nf3 Nc6 3. Nc3 Nf6 4. Nxe5 Bb4 5. Nxc6 dxc6 6. d3 Qd4 7. Bd2 Ng4 8.
Qe2 Bc5 9. Nd1 O-O 10. c3 Qd7 11. f3 Nf6 12. Ne3 Qe8 13. O-O-O Be6 14. d4 Be7
15. c4 Rd8 16. Bc3 a6 17. Kb1 Nh5 18. g3 b5 19. Ba5 Rc8 20. d5 cxd5 21. cxd5
Bd7 22. Qd3 Bc5 23. Rc1 Qe7 24. e5 c6 25. f4 Bxe3 26. d6 Qe6 27. Qxe3 Rfe8 28.
Rc5 Nf6 29. Qd4 Ng4 30. Bd3 Nh6 31. Qe4 g6 32. Ka1 Ng4 33. Qf3 Rf8 34. h3 Nh6
35. Bc3 Rfd8 36. g4 Ra8 37. Ba5 f5 38. g5 Nf7 39. Bxd8 Nxd8 40. Bc2 Qf7 41. Bb3
Be6 42. Bxe6 Qxe6 43. Rhc1 Ra7 44. Rxc6 Nxc6 45. Rxc6 Ra8 46. Rc7 Rb8 47. Qc6
a5 48. d7 Qxc6 49. Rxc6 Rd8 50. Rc8 Kf8 51. Rxd8+ Ke7 52. Rb8 Kxd7 53. Rxb5 Kc6
54. Rxa5 Kd7 55. Rc5 Ke6 56. b4 Kf7 57. b5 h6 58. gxh6 g5 59. h7 Ke7 60. h8=Q
gxf4 61. Qg8 Kd7 62. Qc8+ Ke7 63. Rc7# 1-0

[Event "ICS rated standard match"]
[Site "204.178.125.65"]
[Date "2000.04.10"]
[Round "?"]
[White "chuda"]
[Black "Hossa"]
[Result "1/2-1/2"]
[WhiteElo "2022"]
[BlackElo "2297"]
[PlyCount "125"]

1. e4 e5 2. Nf3 Nc6 3. Bb5 a6 4. Ba4 Nf6 5. O-O Be7 6. Re1 b5 7. Bb3 d6 8. c3
O-O 9. h3 Bb7 10. d4 Re8 11. Ng5 Rf8 12. Nf3 Re8 13. Ng5 Rf8 14. Nf3 a5 15. a4
b4 16. d5 Nb8 17. Bc2 Ba6 18. b3 bxc3 19. Nxc3 Re8 20. Be3 c6 21. Rc1 cxd5 22.
Nxd5 Nxd5 23. Qxd5 Nd7 24. Bd2 Nc5 25. b4 Bb7 26. Qa2 axb4 27. Bxb4 Bf6 28.
Bxc5 dxc5 29. Bb3 Qc7 30. Rc2 Ra5 31. Nd2 Rd8 32. Bd5 Bc6 33. Bxc6 Qxc6 34. Rc4
Qe6 35. Nf1 Rd4 36. Rec1 Be7 37. Qc2 Qa6 38. Ne3 Rxa4 39. Rxd4 exd4 40. Nd5 Bd6
41. e5 Bxe5 42. Qxc5 Ra1 43. g3 Bd6 44. Qc2 Bf8 45. Rxa1 Qxa1+ 46. Kh2 Qf1 47.
Nf4 g6 48. Qd2 Bg7 49. Nd3 h5 50. Qc2 Kh7 51. Qd2 Bf6 52. h4 Kg7 53. Nc5 Be5
54. Nd3 Bd6 55. Nf4 Qa1 56. Nxh5+ Kf8 57. Qg5 Qa8 58. Qf6 Qb8 59. Qg7+ Ke7 60.
Qf6+ Kf8 61. Qg7+ Ke7 62. Qf6+ Kf8 63. Qg7+ 1/2-1/2

[Event "ICS rated standard match"]
[Site "204.178.125.65"]
[Date "2000.04.11"]
[Round "?"]
[White "Hossa"]
[Black "chuda"]
[Result "1/2-1/2"]
[WhiteElo "2298"]
[BlackElo "2021"]
[PlyCount "110"]

1. e4 d5 2. exd5 Nf6 3. d4 Bg4 4. f3 Bf5 5. Bb5+ Nbd7 6. c4 e6 7. dxe6 Bxe6 8.
d5 Bf5 9. Nc3 a6 10. Ba4 Qe7+ 11. Nge2 O-O-O 12. O-O Qc5+ 13. Nd4 Bg6 14. b3 b5
15. Ncxb5 axb5 16. Bxb5 Qa7 17. Kh1 Ne5 18. Bf4 Nd3 19. Be3 Qb6 20. b4 Bxb4 21.
Qa4 c5 22. Nc6 Rde8 23. Na7+ Kb8 24. Bxe8 Rxe8 25. Nc6+ Kb7 26. Bg5 Ra8 27. Qc2
Ne5 28. Qe2 Nxc6 29. Bxf6 gxf6 30. dxc6+ Qxc6 31. Qb2 Ra3 32. Rfe1 Kc8 33. Re7
Qd6 34. Re8+ Kd7 35. Ree1 Rd3 36. Rg1 Qd4 37. Qc2 Ra3 38. Qc1 Bd3 39. Rd1 Kc6
40. Qh6 Bc3 41. Rac1 Bb2 42. Rb1 Rxa2 43. Qf8 Bxb1 44. Qe8+ Kd6 45. Qf8+ Kd7
46. Qxf7+ Kc8 47. Rxd4 Bxd4 48. Qe8+ Kc7 49. Qe7+ Kb6 50. Qd8+ Ka7 51. Qd7+ Ka8
52. Qe8+ Ka7 53. Qd7+ Ka8 54. Qe8+ Ka7 55. Qd7+ Ka8 1/2-1/2

[Event "ICS rated blitz match"]
[Site "204.178.125.65"]
[Date "2000.04.11"]
[Round "?"]
[White "PostModernist"]
[Black "Hossa"]
[Result "0-1"]
[WhiteElo "2588"]
[BlackElo "2440"]
[PlyCount "120"]

1. d4 d5 2. Nf3 Nf6 3. e3 e6 4. Bd3 c5 5. c3 Be7 6. Nbd2 Nc6 7. O-O O-O 8. Qe2
Bd6 9. b3 e5 10. dxe5 Nxe5 11. Nxe5 Bxe5 12. Bb2 Re8 13. Nf3 Bg4 14. Rfd1 Qc7
15. h3 Bxf3 16. Qxf3 c4 17. Bc2 Rad8 18. g3 Bxc3 19. Bxc3 cxb3 20. Bxf6 bxc2
21. Bxd8 cxd1=Q+ 22. Rxd1 Rxd8 23. Rxd5 Re8 24. Qf5 Qc1+ 25. Kh2 Qb2 26. a4 g6
27. Qf4 a6 28. Rd7 Rf8 29. a5 Qa2 30. Rxb7 Qxa5 31. Qf6 Qa2 32. Re7 a5 33. e4
a4 34. Rc7 Qe2 35. e5 Qb2 36. h4 h5 37. Kg1 Qd4 38. Qd6 Qe4 39. Qf6 Qb1+ 40.
Kg2 Qb8 41. Rd7 Qb2 42. Kh3 a3 43. Rd8 Rxd8 44. Qxd8+ Kh7 45. Qe7 Qb3 46. Kh2
a2 47. Qa7 Kg8 48. Qa8+ Kg7 49. f3 Qb2+ 50. Kh3 a1=Q 51. Qxa1 Qxa1 52. Kg2 Qxe5
53. Kf2 Kf6 54. g4 Qd4+ 55. Kg3 Ke5 56. Kg2 Kf4 57. g5 Qe3 58. Kh3 Kxf3 59. Kh2
Qe2+ 60. Kh3 Qg2# 0-1